Central Library OPAC University of Rajshahi

Towards a sound awakening : (Record no. 46077)

MARC details
000 -LEADER
fixed length control field 00714nam a22002297a 4500
001 - CONTROL NUMBER
control field 46077
003 - CONTROL NUMBER IDENTIFIER
rucl marc code BD-RjUL
005 - DATE AND TIME OF LATEST TRANSACTION
control field 20211209054115.0
008 - FIXED-LENGTH DATA ELEMENTS--GENERAL INFORMATION
fixed length control field 160730s1997 xxu||||| |||| 00| 0 eng d
035 ## - SYSTEM CONTROL NUMBER
System control number (BD-RjUL)46195
040 ## - CATALOGING SOURCE
Original cataloging agency BD-RjUL
Language of cataloging eng
Transcribing agency BD-RjUL
041 ## - LANGUAGE CODE
Language code of text/sound track or separate title eng
082 ## - DEWEY DECIMAL CLASSIFICATION NUMBER
Edition number 23
Classification number 297
Author mark and year ALT 1997
100 ## - MAIN ENTRY--PERSONAL NAME
Personal name Al Qardawi, yusuf
9 (RLIN) 140846
245 ## - TITLE STATEMENT
Title Towards a sound awakening :
Remainder of title renovating religon and promoting life /
Statement of responsibility, etc. Yusuf Al Qardawi
260 ## - PUBLICATION, DISTRIBUTION, ETC. (IMPRINT)
Place of publication, distribution, etc. ISESCO :
Name of publisher, distributor, etc. Islamic Educatoion,
Date of publication, distribution, etc. 1997
300 ## - PHYSICAL DESCRIPTION
Pagination 185 p. ;
Size 25 cm.
650 ## - SUBJECT ADDED ENTRY--TOPICAL TERM
Topical term or geographic name as entry element Islam
Chronological subdivision 20th century.
9 (RLIN) 140847
700 ## - ADDED ENTRY--PERSONAL NAME
Personal name Benhallam, Abderafi, translate
Personal name Zid, ahmed abou, rev.
942 ## - ADDED ENTRY ELEMENTS (KOHA)
Source of classification or shelving scheme Dewey Decimal Classification
Koha item type Books
Holdings
Lost status Source of classification or shelving scheme Damaged status Not for loan Collection code Permanent Location Current Location Shelving location Date acquired Source of acquisition Total Checkouts Full call number Date last seen Copy number Koha item type
  Dewey Decimal Classification     Non-fiction Central Library, University of Rajshahi Central Library, University of Rajshahi   15/03/1998 Author   297 ALT 1997 30/07/2016 C-2 Books